Business data communications -- 6th ed (Record no. 36422)

MARC details
000 -LEADER
fixed length control field 00741nam a2200205 a 4500
008 - FIXED-LENGTH DATA ELEMENTS--GENERAL INFORMATION
fixed length control field 081119s2003 ||||||||||||||||| || u
020 ## - INTERNATIONAL STANDARD BOOK NUMBER
International Standard Book Number 8129703033
050 ## - LIBRARY OF CONGRESS CALL NUMBER
Classification number HF 5548.2 Sta
100 ## - MAIN ENTRY--PERSONAL NAME
Personal name Case, Thomas L
245 10 - TITLE STATEMENT
Title Business data communications -- 6th ed
Statement of responsibility, etc. David A. Stamper; Thomas L. Case
250 ## - EDITION STATEMENT
Edition statement 6th ed.
260 ## - PUBLICATION, DISTRIBUTION, ETC.
Place of publication, distribution, etc. Singapore
Name of publisher, distributor, etc. Pearson
Date of publication, distribution, etc. 2003
300 ## - PHYSICAL DESCRIPTION
Extent xvi, 768p.: ill.
350 ## - PRICE (NR) (BK AM CF MU VM SE) [OBSOLETE]
Price 115000.00
650 ## - SUBJECT ADDED ENTRY--TOPICAL TERM
Topical term or geographic name entry element INTERNET--MODEMS, TECHNOLOGY
650 ## - SUBJECT ADDED ENTRY--TOPICAL TERM
Topical term or geographic name entry element COMMUNICATIONS--BUSINESS
650 ## - SUBJECT ADDED ENTRY--TOPICAL TERM
Topical term or geographic name entry element COMMUNICATION
700 ## - ADDED ENTRY--PERSONAL NAME
Personal name Stamper, David A
995 ## - RECOMMENDATION 995 [LOCAL, UNIMARC FRANCE]
-- 115000.00
-- CBU-MAIN LIBRARY (Kitwe)
-- 1
-- 0.00
-- 1
-- AVAILABLE
-- Nov 19, 2008
-- Main Library Open Access Collection
Holdings
Withdrawn status Lost status Source of classification or shelving scheme Damaged status Not for loan Home library Current library Shelving location Date acquired Total Checkouts Full call number Barcode Date last seen Price effective from Koha item type
          CBU-MAIN LIBRARY, KITWE. CBU-MAIN LIBRARY, KITWE.   11/30/2022   HF 5548.2 Sta 738405 11/30/2022 11/30/2022 MONOGRAPH